[Event "66 Campeonato Argentino Superior Femeni"]
[Site "Estancia Grande - San Luis"]
[Date "2013.10.04"]
[Round "5.7"]
[White "Salinas, Camila"]
[Black "Brizzi, Milagros Tatiana"]
[Result "0-1"]
[WhiteElo "1640"]
[BlackElo "1855"]
[PlyCount "78"]
[EventDate "2013.10.01"]

1. d4 d5 2. Bf4 e6 3. e3 c5 4. c3 Nc6 5. Nf3 Nf6 6. Nbd2 Bd6 7. Bg3 O-O 8. Bd3
Qe7 9. Bh4 e5 10. dxe5 Nxe5 11. Nxe5 Bxe5 12. Qh5 g6 13. Qf3 Qd6 14. Bxf6 Bxf6
15. O-O Bg7 16. Rfd1 Be6 17. e4 d4 18. Nc4 Qd7 19. Be2 Qc7 20. cxd4 Bxd4 21.
Rac1 Rfd8 22. b3 b5 23. Ne3 a6 24. Nd5 Qb7 25. Qg3 Rac8 26. Bg4 f5 27. Bxf5
Bxf5 28. exf5 Qxd5 29. fxg6 Rd7 30. gxh7+ Kh8 31. Qh3 Rf8 32. Kh1 Rxh7 33. Qg4
Rxf2 34. Rxd4 Qxd4 35. Qc8+ Kg7 36. Qc7+ Kg8 37. Qc8+ Rf8 38. Qxa6 Qf4 39. Qe6+
Kh8 0-1

[Event "66 Campeonato Argentino Superior Femeni"]
[Site "Estancia Grande - San Luis"]
[Date "2013.10.05"]
[Round "6.1"]
[White "Fernandez, Maria Florencia"]
[Black "Martinez, Ayelen"]
[Result "1-0"]
[WhiteElo "2180"]
[BlackElo "2094"]
[PlyCount "69"]
[EventDate "2013.10.01"]

1. d4 Nf6 2. c4 g6 3. Nc3 Bg7 4. e4 d6 5. h3 O-O 6. Bg5 c5 7. d5 Nbd7 8. Nf3 h6
9. Be3 Ne8 10. Be2 Kh7 11. Qc2 a6 12. g4 Nc7 13. h4 e5 14. dxe6 Nxe6 15. h5 Ne5
16. Nxe5 dxe5 17. g5 Nf4 18. Bxc5 Ng2+ 19. Kf1 Qxg5 20. Nd5 Nh4 21. Ke1 Ng2+
22. Kf1 Re8 23. Qc3 Nf4 24. Qg3 Qxg3 25. fxg3 Nxe2 26. Kxe2 Bg4+ 27. Kd3 Bxh5
28. Raf1 Kg8 29. Ne7+ Kh7 30. Rxf7 b5 31. Nd5 bxc4+ 32. Kxc4 Be2+ 33. Kc3 Rec8
34. Nf6+ Kh8 35. Rxh6+ 1-0

[Event "66 Campeonato Argentino Superior Femeni"]
[Site "Estancia Grande - San Luis"]
[Date "2013.10.05"]
[Round "6.2"]
[White "Lujan, Carolina"]
[Black "Nejanky, Maisa"]
[Result "1-0"]
[WhiteElo "2376"]
[BlackElo "2039"]
[PlyCount "39"]
[EventDate "2013.10.01"]

1. e4 c5 2. Nf3 d6 3. c3 Nf6 4. Be2 Nc6 5. d4 cxd4 6. cxd4 Nxe4 7. d5 Qa5+ 8.
Nc3 Nxc3 9. bxc3 Ne5 10. O-O Nxf3+ 11. Bxf3 e5 12. dxe6 fxe6 13. Rb1 Qxa2 14.
Bg5 d5 15. Bh5+ g6 16. Qd4 Rg8 17. Qf6 gxh5 18. Qd8+ Kf7 19. Rxb7+ Bxb7 20.
Qf6+ 1-0

[Event "66 Campeonato Argentino Superior Femeni"]
[Site "Estancia Grande - San Luis"]
[Date "2013.10.05"]
[Round "6.3"]
[White "Flores, Nancy"]
[Black "Amura, Claudia"]
[Result "1/2-1/2"]
[WhiteElo "1990"]
[BlackElo "2305"]
[PlyCount "84"]
[EventDate "2013.10.01"]

1. Nf3 d5 2. b3 Bg4 3. Ne5 Bf5 4. Bb2 f6 5. Nf3 e5 6. e3 Bd6 7. c4 c6 8. Nc3
Ne7 9. Be2 O-O 10. O-O a6 11. d4 e4 12. Nd2 Qe8 13. f3 Qg6 14. Rf2 Nd7 15. fxe4
Bxe4 16. Ncxe4 dxe4 17. Bh5 Qh6 18. Nxe4 Bc7 19. h3 f5 20. Nd2 Nf6 21. Bf3 Qxe3
22. Nf1 Qg5 23. Ba3 Rfe8 24. Qc2 Ng6 25. Rd1 Nh4 26. Bc1 f4 27. Kh1 Rad8 28. g3
Nxf3 29. Rxf3 Qh5 30. Qg2 fxg3 31. Nxg3 Bxg3 32. Qxg3 Kh8 33. Rg1 Rd7 34. Qg2
h6 35. Bf4 Re4 36. Be5 Rg4 37. Qf2 Rxg1+ 38. Kxg1 Rf7 39. Bxf6 Rxf6 40. Rxf6
Qg5+ 41. Qg2 Qxf6 42. Qe4 Qg5+ 1/2-1/2

[Event "66 Campeonato Argentino Superior Femeni"]
[Site "Estancia Grande - San Luis"]
[Date "2013.10.05"]
[Round "6.4"]
[White "Martyniuk, Carolina Milka"]
[Black "Carraro, Denise"]
[Result "1/2-1/2"]
[WhiteElo "1947"]
[BlackElo "2095"]
[PlyCount "104"]
[EventDate "2013.10.01"]

1. c4 g6 2. g3 Bg7 3. Bg2 c5 4. Nc3 Nc6 5. e3 d6 6. d3 f5 7. Nge2 e5 8. Nd5 Nf6
9. Nec3 Be6 10. O-O Qd7 11. a3 O-O 12. Rb1 Rae8 13. b4 e4 14. dxe4 cxb4 15.
axb4 Nxe4 16. Nb5 Ne5 17. Nbc7 Rc8 18. Nxe6 Qxe6 19. f3 Nf6 20. Nxf6+ Qxf6 21.
c5 Nf7 22. Qd5 Qe5 23. Qxb7 dxc5 24. f4 Qd6 25. bxc5 Qxc5 26. Kh1 a5 27. Rb5
Qxc1 28. Rxc1 Rxc1+ 29. Bf1 Rxf1+ 30. Kg2 Ra1 31. e4 fxe4 32. Qxe4 Kh8 33. Qd5
a4 34. Rb7 Kg8 35. g4 a3 36. Ra7 a2 37. Kh3 Rf1 38. Rxa2 Rxf4 39. Ra7 Kh8 40.
Qd7 Rd4 41. Qe7 Rd3+ 42. Kg2 Rd2+ 43. Kh3 Ng5+ 44. Kh4 Rxh2+ 45. Kg3 Rh3+ 46.
Kg2 Bh6 47. Ra5 Rhf3 48. Rxg5 Rf2+ 49. Kg1 Bxg5 50. Qxg5 Rf1+ 51. Kg2 R8f2+ 52.
Kg3 Rf3+ 1/2-1/2

[Event "66 Campeonato Argentino Superior Femeni"]
[Site "Estancia Grande - San Luis"]
[Date "2013.10.05"]
[Round "6.5"]
[White "Maggiolo, Elisa"]
[Black "Besso, Guadalupe"]
[Result "1-0"]
[WhiteElo "2030"]
[BlackElo "1906"]
[PlyCount "37"]
[EventDate "2013.10.01"]

1. e4 c5 2. Nf3 d6 3. Bb5+ Bd7 4. Bxd7+ Qxd7 5. O-O Nf6 6. Re1 Nc6 7. c3 g6 8.
d4 cxd4 9. cxd4 Bg7 10. Nc3 O-O 11. Qe2 Rad8 12. Bg5 Qc8 13. Rac1 Qb8 14. Bxf6
exf6 15. Nd5 Rfe8 16. Qd2 Re6 17. b4 a6 18. a4 Rc8 19. Nb6 1-0